| 000 | 01856 a2200481 4500 | ||
|---|---|---|---|
| 999 |
_c77819 _d25617 |
||
| 001 | 77819 | ||
| 003 | TR-AnTOB | ||
| 005 | 20260317095910.0 | ||
| 008 | 100115s20082009tu 00000 tur | ||
| 020 | _a9789751943828 (Tk.no) | ||
| 020 | _a9789751943873 (1.cilt) | ||
| 020 | _a9789751943897 (2.cilt) | ||
| 020 | _a9789751944528 (3.cilt) | ||
| 020 | _a9789751944535 (4. cilt) | ||
| 040 |
_aTR-AnTOB _cTR-AnTOB |
||
| 041 | _atur | ||
| 050 |
_aDR435.A7 _b.O865 2008-2009 |
||
| 090 |
_aDR435.A7 _b.O865 2008-2009 |
||
| 245 | 0 |
_aOsmanlı belgelerinde Ermeni isyanları / _cProje yöneticisi: Yusuf Sarınay ; Proje sorumluları: Mustafa Budak, Önder Bayır, Ahmet Zeki İzgöer, Yayına Hazırlayanlar: Recep Karacakaya[...ve başkl.]. |
|
| 264 |
_aAnkara: _bBaşbakanlık Devlet Arşivleri Genel Müdürlüğü, _c2009. |
||
| 300 |
_a4 c.; _c24 cm |
||
| 336 |
_2rdacontent _atext _btxt |
||
| 337 |
_2rdamedia _aunmediated _bn |
||
| 338 |
_2rdacarrier _avolume _bnc |
||
| 490 | 0 | _aBaşbakanlık Devlet Arşivleri Genel Müdürlüğü Osmanlı Arşivi Daire Başkanlığı Yayın Nu | |
| 504 | _aDizin vardır. | ||
| 505 | _a1. cilt: 1878-1895 -- 2.cilt: 1895-1896 -- 3.cilt: 1896-1909 --1909-1916. | ||
| 650 |
_aArmenians _zTurkey _xHistory _vSources _972708 |
||
| 650 |
_aErmeniler _zTürkiye _xTarih _vKaynaklar _98327 |
||
| 650 | 0 |
_aArmenians _zTurkey _xHistory _9114411 |
|
| 650 |
_aErmeniler _zTürkiye _xTarih _97858 |
||
| 700 | 1 |
_aSarınay, Yusuf _917257 |
|
| 700 |
_aİzgöer, Ahmet Zeki, _d1963- _939259 |
||
| 700 | 1 |
_aBudak, Mustafa, _d1962- _972203 |
|
| 700 |
_aBayır, Önder _9114067 |
||
| 700 |
_aKaracakaya, Recep _917475 |
||
| 710 | 1 | 2 |
_aTurkey. _bDevlet Arşivleri Genel Müdürlüğü _943074 |
| 902 | _a0032631,0032632,0032633,0032634 | ||
| 903 | _aMerkez Kütüphane | ||
| 942 |
_cBK _2lcc |
||
| 945 | _aMC,C.Ş | ||